Tous les sélectionneurs de la FFF - Statistiques

Statistiques générales
  • Ce quiz a été pris 66 fois
    60 depuis la dernière actualisation
  • Le résultat moyen est 6 sur 17
Statistiques - réponses
Hint Réponse % Correct
2012 - Aujourd'hui Deschamps
96%
2010 - 2012 Blanc
85%
2004 - 2010 Domenech
84%
1993 - 1998 Jacquet
67%
1988 - 1992 Platini
58%
1998 - 2002 Lemerre
47%
1967 Fontaine
44%
2002 - 2004 Santini
38%
1976 - 1984 Hidalgo
31%
1984 -1988 Michel
25%
1992 - 1993 Houllier
24%
1973 - 1975 Kovács
13%
1969 - 1973 Boulogne
9%
1966 Snella
5%
1966 Arribas
4%
1964 - 1966 Guérin
4%
1967 - 1968 Dugauguez
2%
Aucun quiz correspondant
Distribution des résultats
% des personnes avec chaque résultat
Percentile par nombre de réponses
Votre historique - résultats
Vous n’avez pas pris ce quiz depuis la dernière actualisation